|
|
|
|
| LEADER |
01568nam a2200277 i 4500 |
| 001 |
10030812 |
| 003 |
upatras |
| 005 |
20220317134923.0 |
| 008 |
991103s1999 gr gre d |
| 952 |
|
|
|0 0
|1 0
|4 0
|6 300_720000000000000_ΕΘΝ
|7 0
|9 200232
|a LISP
|b LISP
|c BSC
|d 2016-04-24
|i 045819
|l 0
|o 300.72 ΕΘΝ
|p 025000058879
|r 2016-04-24 00:00:00
|t 1
|w 2016-04-24
|y BK15
|
| 952 |
|
|
|0 0
|1 0
|4 0
|6 300_720000000000000_ΕΘΝ
|7 0
|9 200233
|a LISP
|b LISP
|c BSC
|d 2016-04-24
|i 101367
|l 0
|o 300.72 ΕΘΝ
|p 025000183141
|r 2016-04-24 00:00:00
|t 2
|w 2016-04-24
|y BK15
|
| 952 |
|
|
|0 0
|1 0
|2 ddc
|4 0
|6 300_720000000000000_ΕΘΝ
|7 0
|9 358010
|a LISP
|b LISP
|c DON
|d 2022-03-17
|e ΠΑΤ
|i 255924
|l 0
|o 300.72 ΕΘΝ
|p 025000290634
|r 2022-03-17 00:00:00
|t 3
|w 2022-03-17
|y BKN
|
| 999 |
|
|
|c 122705
|d 122705
|
| 020 |
|
|
|a 9607894219
|
| 040 |
|
|
|a GR-PaULI
|c GR-PaULI
|b gre
|e AACR2
|
| 082 |
0 |
4 |
|a 300.72
|2 23
|
| 110 |
|
0 |
|a Εθνικό Κέντρο Βιβλίου
|9 83462
|
| 245 |
1 |
0 |
|a Πανελλήνια έρευνα αναγνωστικής συμπεριφοράς :
|b σύνοψη αποτελεσμάτων.
|
| 260 |
|
|
|a Αθήνα :
|b Εθνικό Κέντρο Βιβλίου,
|c 1999.
|
| 300 |
|
|
|a 111 σ. :
|b σχήμ. ;
|c 30 εκ.
|
| 650 |
|
4 |
|a Εκπαίδευση
|x Έρευνα
|9 3438
|
| 650 |
|
4 |
|9 1129
|a Κοινωνικές επιστήμες
|x Έρευνα
|
| 852 |
|
|
|a GR-PaULI
|b ΠΑΤΡΑ
|b ΒΚΠ
|b ΒΣ1
|k ΑΣΧΕ
|h 300.72 ΕΘΝ
|m 045819
|p 025000058879
|t 1
|
| 852 |
|
|
|a GR-PaULI
|b ΠΑΤΡΑ
|b ΒΚΠ
|b ΒΣ1
|k ΑΣΧΕ
|h 300.72 ΕΘΝ
|m 101367
|p 025000183141
|t 2
|
| 942 |
|
|
|2 ddc
|c BK15
|
| 998 |
|
|
|c ΠΑΝΑΓΟΠΟΥΛΟΥ
|d 1999-11
|